00605nam a2200193Ia 4500003000900000008004100009040001600050080001600066100003200082245005700114260004000171300001300211650002500224650002800249650002300277942000700300999001300307952009100320IN-BaIIA211028s9999 xx 000 0 eng d cIIA Library a535.33bVEN aVenable, William Mayo91809 4aThe interpretation of spectracWilliam Mayo Venable  aNew YorkbReinhold Publishingc1948 av, 200p. aAtomic Spectra91533 aSpectral Analysis91733 aSpectroscopy91535 cBK c845d845 00104070aBANbBANcGENd0000-00-00l0o535.33/ VENp871r2021-11-05w0000-00-00yBK